On This Day: July 22nd Quiz Stats

 Plays Quiz Updated Jul 22, 2017

Support Sporcle.
Go Orange.
Score 0/7 Timer 03:00
1 Play Today
Question Answer Wrong Answers
Near Medellín, Colombia, this drug lord escapes from his luxury prison fearing extradition to the United States.
1992
Pablo Escobar
84.8%
Joaquín Guzmán
6.5%
George Jung
1.2%
Amado Carrillo Fuentes
3.4%
Led by General Dwight D. Eisenhower, Allied forces capture the Italian city of Palermo on this Mediterranean island.
1943
Sicily
79.5%
Sardinia
9.9%
Capri
5.4%
Majorca
2.9%
The Polish Committee of National Liberation publishes its manifesto, starting the period of ______ rule in Poland.
1944
Communist
77.7%
Democratic
13.9%
Absolute Monarchy
2.6%
Theocratic
2.8%
The United States Senate votes down President Franklin D. Roosevelt's proposal to add more ______.
1937
Supreme Court Justices
71.8%
Congressional Districts
10.9%
Cabinet Positions
13.6%
District Courts
3.6%
The United States government begins compulsory civilian ______ rationing due to the wartime demands.
1942
Gasoline
66.9%
Bread
14.4%
Electricity
5.2%
Steel
11.9%
Japan completes its last reparation to this island nation for war crimes committed during Imperial Japan's conquest of the country in the Second World War.
1976
Philippines
61.9%
Taiwan
22.5%
Fiji
8.3%
Kiribati
3.9%
This American singer and actress, who rose to fame as the leading role in the Disney Channel series ‘Wizards of Waverly Place’, is born.
1992
Selena Gomez
57.3%
Miley Cyrus
15.9%
Ariana Grande
10.1%
Meghan Trainor
13%

You're not logged in!

Compare scores with friends on all Sporcle quizzes.
OR
Log In
Forgot?

From the Vault

Countries with Multiple Grands Prix

by alvir28

Car puns sure do drive us crazy.
Remove Ads.
Support Sporcle.
Get the best of Sporcle when you Go Orange. This ad-free experience offers more features, more stats, and more fun while also helping to support Sporcle. Thank you for becoming a member.

Show Comments

Extras

Top Quizzes Today


Score Distribution

Your Account Isn't Verified!

In order to create a playlist on Sporcle, you need to verify the email address you used during registration. Go to your Sporcle Settings to finish the process.

Report this User

Report this user for behavior that violates our Community Guidelines.

Details: